| 000 | 00871nam a2200241Ia 4500 | ||
|---|---|---|---|
| 003 | OSt | ||
| 005 | 20221005104454.0 | ||
| 006 | a|||||r|||| 00| 0 | ||
| 007 | ta | ||
| 008 | 221004b |||||||| |||| 00| 0 hin d | ||
| 024 | _a29795 | ||
| 037 | _cTextual | ||
| 040 |
_aCRL _cCRL _bhin |
||
| 041 |
_2hin _ahin |
||
| 082 | _aY38.2:g, 152L8 | ||
| 100 | _aदेसाई, ए आर | ||
| 245 | 0 | _aभारतीय राष्ट्रवाद की अधुनातन प्रवृत्तियां | |
| 246 | _aBhāratīya rāṣhṭravād kī adhunātan pravṛuttiyāan | ||
| 260 |
_aदिल्ली _bमैकमिलन ऑफ इंडिया लिमिटेड भारत _c1978 |
||
| 300 |
_a158पृ. _ccm. |
||
| 942 |
_hY38.2:g, 152L8 _cTEXL _2cc |
||
| 999 |
_c1012810 _d1012810 |
||